01848 a2200205 45000010006000000050017000060080041000230030015000640400040000790800064001192450041001832500011002242640043002353000019002785051245002971000022015427000021015647000033015857000024016183134620260407155619.0260407a1968 arg spa dAR-UNSa-BCEJYS aAR-UNSa-BCEJYSbspacAR-UNSa-BCEJYS a658xAdministración de empresas. Organización comercial10aOrganización y control de empresas a2a. ed 1aBuenos Aires :bEdiciones Macchic1968 a714 p.c23 cm. aParte I: Organización: 1. Que son las empresas y quiénes son los empresarios argentinos - 2. La organización: sus características (qué son las organizaciones) - 3. ¿Cómo se dirigen las organizaciones? - 4. La organización formal, la estructura de la empresa y los organigramas - 5. Los manuales - Parte II: Planeamiento y control patrimonial, económico y financiero de la empresa: 1. El planeamiento patrimonial, económico y financiero a largo plazo - 2. El planeamiento patrimonial, económico y financiero a corto plazo - 3. Control superior - 4. Evaluación periódica de la empresa - Parte III: El control operativo: 1. El concepto de auditoría operativa - 2. Aspectos y sectores de la empresa sujetos a revisión - 3. Forma de actuar del auditor - 4. Aplicación en el tiempo de la auditoría operativa - 5. Un programa de auditoría integrado - 6. El equipo de auditores - 7. Cuestionarios para los aspectos a investigar - 8. Análisis integral de la empresa realizado por el American Institute of Management - Parte IV: El control de sistemas: 1. Aspectos generales - 2. Circuitos relacionados con las operaciones de ingreso y egreso de valores - 3. Circuitos relacionados con las operaciones de compra 1 aPerel, Vicente L.1 aKrasuk, Jorge L.1 aLópez Cascante, Jesús D.1 aMagdalena, Fernando